00704nam a22002297a 450000500170000001000150001702000260003202000150005803500130007303500170008603500130010303700130011603700170012908200130014610000220015924501000018126000350028127000660031630000200038250000500040270000220045220180308142343.0 aENG-108822 c595.00a9789380164670 c995.00(AV) aEN-92355 aB-538707-709 aB-667705 bDBAD/PUB bKKP/Venadpl a345.0268 aVaidya, Asmita A. aCyber crime and law in the information technology /cby Asmita A. Vaidya [and] Adwait M. Vaidya aDelhibA.K. Publicationsc2012 aB-61/E-1, Gali No. 14, Jagatpuri Ext. ShahadrabDelhie110093 a264p.c22cm(Hb) aIncludes bibliographical references and index aVaidya, Adwait M.